LDR 00833naa#a2200169#i#450# 001 RU\INFRA-M\bibl\126117 005 20260705061923.7 011 ## _a2500-0497 100 ## _a20260618b2026####ek#y0rusy0150####ca 102 ## _aRU 200 1# _aИсторико-грамматическая ретроспектива живого слова в контексте русско-церковнославянской диглоссии _eЖурнальная статья 210 1# _aМосква _cОбщество с ограниченной ответственностью «Научно-издательский центр ИНФРА-М» _d2026 215 ## _a24 с. 608 ## _aЖурнальная статья _2local 675 ## _aИстория. Теоретические вопросы. 93 _z 700 #1 _aЛазарев _gА. И. 856 4# _azh-szf.ru _u